000 00872nmm a2200277 a 4500
001 ocm000578343
003 TR-IsHL
005 20201028123202.0
008 110704s2010 tu tur
007 cr cn
020 _a9789758312375
035 _a578343
_b(N$T)
050 0 4 _aBF1272
_b.C36 2010
090 0 4 _aBF1272
_b.C36 2010
100 1 _aCandan, Ergun
245 1 0 _aÖlümden sonra neler oluyor?
_h[electronic resource] /
_cErgun Candan
250 _a3. bs.
260 _aİstanbul :
_bSınırötesi Yayınları,
_c2010
300 _a247 p.
650 4 _aFelsefe, Psikoloji ve Din
650 4 _aPhilosophy, Psychology and Religion
650 0 _aSpiritualizm
650 0 _aSpiritualism
650 7 _aBODY, MIND & SPIRIT / Spiritualism
_2bisacsh
856 4 0 _uhttp://search.ebscohost.com/login.aspx?direct=true&scope=site&db=e011xww&AN=578343
999 _c2267
_d2267